| 000 | 00415nam a22001457a 4500 | ||
|---|---|---|---|
| 999 |
_c532901 _d532901 |
||
| 020 | _qHard Cover. | ||
| 082 | _a658.4 | ||
| 100 | _aSaleem, Fuad | ||
| 245 |
_aBG Products Marketings: _b5 Year Journey / _cFuad Saleem. |
||
| 260 |
_aIslamabad: _bNBS - NUST, _c2016. |
||
| 300 |
_a89 p. : _bill. ; _c30cm. |
||
| 942 |
_2ddc _cTHE |
||
| 650 |
_aEMBA-Thesis. _917645 |
||